| 000 | 00000nam##2200000za#4500 |
| 001 | 9.643172 |
| 003 | CaOODSP |
| 005 | 20210624224039 |
| 007 | cr ||||||||||| |
| 008 | 150407|2012||||xxc|||||o f|0| 0 fre|d |
| 040 | |aCaOODSP|bfre |
| 043 | |an-cn--- |
| 086 | 1 |aH14-137/2012F-PDF |
| 110 | 1 |aCanada. |bSanté Canada. |
| 245 | 10|aSanté mentale et lutte contre les toxicomanies chez les Premières nations et les Inuits : |h[ressource électronique]|bévaluation groupée, 2005/06 et 2009/10 - rapport final |
| 246 | 17|aSanté mentale et lutte contre les toxicomanies chez les Premières Nations et les Inuits — évaluation du groupe |
| 260 | |aOttawa - Ontario : |bSanté Canada |cSeptembre 2012. |
| 300 | |a84p. |
| 500 | |aY compris «Réponse et plan d'action de la direction 2012/13». |
| 590 | |a14-09-Supp|b2014-04-23 |
| 775 | 08|tFirst Nations and Inuit mental health and addictions : |w(CaOODSP)9.699214 |
| 856 | 40|ahttp://publications.gc.ca|qPDF|s391 Ko|uhttps://publications.gc.ca/collections/collection_2014/sc-hc/H14-137-2012-fra.pdf |